Some basic concepts of meteorological processes and future analytical procedures in agrometeorology (Record no. 48391)

MARC details
000 -LEADER
fixed length control field 00543nam a2200109Ia 4500
100 ## - MAIN ENTRY--AUTHOR NAME
Personal name Raj S
245 #0 - TITLE STATEMENT
Title Some basic concepts of meteorological processes and future analytical procedures in agrometeorology
260 ## - PUBLICATION, DISTRIBUTION, ETC. (IMPRINT)
Name of publisher In:Causes and Influences of Climate Change and Management of Weather for Sustainable Agiculture, 15 November-5 December 2006, College of Agriculture, G.B Pant University of Agriculture & Technology, Pantnagar, India. pp. 377-341.
650 ## - SUBJECT ADDED ENTRY--TOPICAL TERM
Topical Term Agrometeorology
942 ## - ADDED ENTRY ELEMENTS (KOHA)
Koha item type Bibliography STAF
Holdings
Withdrawn status Lost status Damaged status Not for loan Home library Current library Shelving location Date acquired Koha item type
      Bibliography RRII Library RRII Library Agrometeorology 01/01/2021 Bibliography STAF